<?xml version="1.0" encoding="UTF-8"?>
<record
    xmlns:xsi="http://www.w3.org/2001/XMLSchema-instance"
    xsi:schemaLocation="http://www.loc.gov/MARC21/slim http://www.loc.gov/standards/marcxml/schema/MARC21slim.xsd"
    xmlns="http://www.loc.gov/MARC21/slim">

  <leader>01142nam a2200313 a 4500</leader>
  <controlfield tag="001">37273</controlfield>
  <controlfield tag="003">BD-RjUL</controlfield>
  <controlfield tag="005">20211209052608.0</controlfield>
  <controlfield tag="008">141119s1992    enka     b    001 0 eng d</controlfield>
  <datafield tag="020" ind1=" " ind2=" ">
    <subfield code="a">1872748015</subfield>
  </datafield>
  <datafield tag="035" ind1=" " ind2=" ">
    <subfield code="a">(BD-RjUL)</subfield>
  </datafield>
  <datafield tag="035" ind1=" " ind2=" ">
    <subfield code="a">(OCoLC)27088273</subfield>
  </datafield>
  <datafield tag="040" ind1=" " ind2=" ">
    <subfield code="a">EUE</subfield>
    <subfield code="c">EUE</subfield>
    <subfield code="d">NNBG</subfield>
    <subfield code="d">ICD</subfield>
    <subfield code="d">DNAL</subfield>
    <subfield code="d">DLC</subfield>
    <subfield code="b">eng</subfield>
  </datafield>
  <datafield tag="041" ind1=" " ind2=" ">
    <subfield code="a">eng</subfield>
  </datafield>
  <datafield tag="070" ind1="0" ind2=" ">
    <subfield code="a">SB750.P47</subfield>
    <subfield code="b">1992</subfield>
  </datafield>
  <datafield tag="072" ind1=" " ind2="0">
    <subfield code="a">F830 F821</subfield>
  </datafield>
  <datafield tag="082" ind1=" " ind2=" ">
    <subfield code="a">632.32</subfield>
    <subfield code="b">PES 1992</subfield>
  </datafield>
  <datafield tag="245" ind1="0" ind2="0">
    <subfield code="a">Pests and pathogens :</subfield>
    <subfield code="b">plant responses to foliar attack /</subfield>
    <subfield code="c">[edited by] P.G. Ayres.</subfield>
  </datafield>
  <datafield tag="260" ind1=" " ind2=" ">
    <subfield code="a">Oxford, UK :</subfield>
    <subfield code="b">Bios Scientific Publishers,</subfield>
    <subfield code="c">1992</subfield>
  </datafield>
  <datafield tag="300" ind1=" " ind2=" ">
    <subfield code="a">xii, 203 p. :</subfield>
    <subfield code="b">ill. ;</subfield>
    <subfield code="c">25 cm.</subfield>
  </datafield>
  <datafield tag="500" ind1=" " ind2=" ">
    <subfield code="a">"This book arises from a meeting ..., held 9-10 April 1992 at the University of Lancaster, under the auspices of the Society for Experimental Biology (SEB)"--P. v.</subfield>
  </datafield>
  <datafield tag="504" ind1=" " ind2=" ">
    <subfield code="a">Includes bibliographical references and index.</subfield>
  </datafield>
  <datafield tag="650" ind1=" " ind2="0">
    <subfield code="a">Plants</subfield>
    <subfield code="x">Disease and pest resistance</subfield>
    <subfield code="x">Congresses.</subfield>
    <subfield code="9">114189</subfield>
  </datafield>
  <datafield tag="700" ind1="1" ind2=" ">
    <subfield code="a">Ayres, P. G.</subfield>
    <subfield code="q">(Peter G.)</subfield>
    <subfield code="9">114190</subfield>
  </datafield>
  <datafield tag="942" ind1=" " ind2=" ">
    <subfield code="2">ddc</subfield>
    <subfield code="c">BK</subfield>
  </datafield>
  <datafield tag="999" ind1=" " ind2=" ">
    <subfield code="c">37273</subfield>
    <subfield code="d">37273</subfield>
  </datafield>
  <datafield tag="952" ind1=" " ind2=" ">
    <subfield code="0">0</subfield>
    <subfield code="1">0</subfield>
    <subfield code="2">ddc</subfield>
    <subfield code="4">0</subfield>
    <subfield code="7">1</subfield>
    <subfield code="a">IBSc</subfield>
    <subfield code="b">IBSc</subfield>
    <subfield code="c">Stack</subfield>
    <subfield code="d">2014-11-19</subfield>
    <subfield code="g">4074.00</subfield>
    <subfield code="l">0</subfield>
    <subfield code="o">632.32 PES 992</subfield>
    <subfield code="r">2014-11-19 00:00:00</subfield>
    <subfield code="t">C-1</subfield>
    <subfield code="w">2014-11-19</subfield>
    <subfield code="y">BK</subfield>
  </datafield>
</record>
